O discurso de vergilio como questionacao de deus
Uloženo v:
| Hlavní autor: | |
|---|---|
| Médium: | Kniha |
| Jazyk: | portugalština |
| Vydáno: |
Salamanca
Universidad Pontificia de Salamanca. Facultad de Teología
1995
|
| Témata: | |
| Tagy: |
Přidat tag
Žádné tagy, Buďte první, kdo vytvoří štítek k tomuto záznamu!
|
MARC
| LEADER | 00000nam a2200000 a 4500 | ||
|---|---|---|---|
| 001 | UCZ3611 | ||
| 003 | CL-VaPUC | ||
| 008 | 951027e19950000SP |||||||||||||||||por|d | ||
| 082 | 0 | 4 | |a 200 |b NOB |2 21 |
| 100 | |a Nobre Júlio, Maria Joaquina |e autora |9 347405 | ||
| 245 | 1 | 0 | |a O discurso de vergilio como questionacao de deus |
| 300 | |a 83 p | ||
| 942 | |c BK | ||
| 945 | |d 19951027 00:00:00 |a rleighto | ||
| 260 | |a Salamanca |b Universidad Pontificia de Salamanca. Facultad de Teología |c 1995 | ||
| 650 | 0 | |a Religión |9 255164 | |
| 650 | 0 | |a Ideología |9 255854 | |
| 650 | 0 | |a Ateísmo |9 265671 | |
| 650 | 0 | |a Teología |9 258766 | |
| 583 | |a last modification |c 19951027 00:00:00 |k Rodrigo Vera | ||
| 999 | |c 240068 |d 240066 | ||
| 952 | |0 0 |1 0 |4 0 |6 200_000000000000000_NOB_1995 |7 0 |8 A |9 251663 |a BIBTEO |b BIBTEO |d 2019-11-18 |i 3120287 |o 200 NOB 1995 |p 3120287 |r 2025-01-17 |w 2019-11-18 |y BK |k ICR | ||